<?xml version="1.0" encoding="UTF-8"?><?xml-stylesheet type="text/xsl" href="static/style.xsl"?><OAI-PMH xmlns="http://www.openarchives.org/OAI/2.0/" xmlns:xsi="http://www.w3.org/2001/XMLSchema-instance" xsi:schemaLocation="http://www.openarchives.org/OAI/2.0/ http://www.openarchives.org/OAI/2.0/OAI-PMH.xsd"><responseDate>2026-04-26T23:12:47Z</responseDate><request verb="GetRecord" identifier="oai:repisalud.isciii.es:20.500.12105/26031" metadataPrefix="marc">https://repisalud.isciii.es/rest/oai/request</request><GetRecord><record><header><identifier>oai:repisalud.isciii.es:20.500.12105/26031</identifier><datestamp>2025-12-18T12:56:32Z</datestamp><setSpec>com_20.500.12105_2052</setSpec><setSpec>com_20.500.12105_2051</setSpec><setSpec>col_20.500.12105_19609</setSpec></header><metadata><record xmlns="http://www.loc.gov/MARC21/slim" xmlns:dcterms="http://purl.org/dc/terms/" xmlns:doc="http://www.lyncode.com/xoai" xmlns:xsi="http://www.w3.org/2001/XMLSchema-instance" xsi:schemaLocation="http://www.loc.gov/MARC21/slim http://www.loc.gov/standards/marcxml/schema/MARC21slim.xsd">
   <leader>00925njm 22002777a 4500</leader>
   <datafield ind2=" " ind1=" " tag="042">
      <subfield code="a">dc</subfield>
   </datafield>
   <datafield ind2=" " ind1=" " tag="720">
      <subfield code="a">Villalón, Pilar</subfield>
      <subfield code="e">author</subfield>
   </datafield>
   <datafield ind2=" " ind1=" " tag="720">
      <subfield code="a">Saez-Nieto, Juan Antonio</subfield>
      <subfield code="e">author</subfield>
   </datafield>
   <datafield ind2=" " ind1=" " tag="720">
      <subfield code="a">Rubio-Lopez, Virginia</subfield>
      <subfield code="e">author</subfield>
   </datafield>
   <datafield ind2=" " ind1=" " tag="720">
      <subfield code="a">Medina-Pascual, Maria Jose</subfield>
      <subfield code="e">author</subfield>
   </datafield>
   <datafield ind2=" " ind1=" " tag="720">
      <subfield code="a">Garrido, Noelia</subfield>
      <subfield code="e">author</subfield>
   </datafield>
   <datafield ind2=" " ind1=" " tag="720">
      <subfield code="a">Carrasco, Gema</subfield>
      <subfield code="e">author</subfield>
   </datafield>
   <datafield ind2=" " ind1=" " tag="720">
      <subfield code="a">Pino-Rosa, Silvia del</subfield>
      <subfield code="e">author</subfield>
   </datafield>
   <datafield ind2=" " ind1=" " tag="720">
      <subfield code="a">Valdezate, Sylvia</subfield>
      <subfield code="e">author</subfield>
   </datafield>
   <datafield ind2=" " ind1=" " tag="260">
      <subfield code="c">2021-11</subfield>
   </datafield>
   <datafield ind2=" " ind1=" " tag="520">
      <subfield code="a">The aim of this study is to present the first nationwide microbiological and epidemiological study of invasive group A Streptococcus (iGAS) disease in Spain. One thousand eight hundred ninety-three iGAS isolates were analyzed over 2007-2019. emm typing was performed by sequencing the gene's variable 5' end, exotoxin genes were identified by PCR, and antimicrobial susceptibility explored via the E test and disk diffusion. Five hundred twenty-three isolates were associated with sepsis, 292 with cellulitis, 232 with scarlet fever, 153 with pneumonia, 141 with streptococcal toxic shock syndrome, and 94 with necrotizing fasciitis. The most prevalent emm types were emm1 (449/1893 isolates), emm89 (210/1893), emm3 (208/1893), emm4 (150/1893), emm12 (112/1893) emm6 (107/1893), emm87 (89/1893), emm28 (88/1893), emm75 (78/1893), emm77 (78/1893), emm11 (58/1893), and emm22 (35/1893). emm1, emm3, emm4, and emm6 were the predominant types affecting children (mostly respiratory infections), while emm11, emm77, and emm89 prevailed in the elderly (mostly skin infections). Each emm type was associated with one or more exotoxin gene (spe, sme, and ssa) profiles. speA was detected in 660 isolates, speB in 1829, speC in 1014, speF in 1826, speG in 1651, speJ in 716, speH in 331, smeZ in 720, and ssa in 512. Isolates with speA were associated with the most severe infections. Penicillin susceptibility was universal. Two hundred twenty-four isolates were resistant to tetracycline, 169 to erythromycin, and 81 to clindamycin. Tetracycline, erythromycin, and clindamycin resistance rates declined over the study period. The above information could serve as the basis for continued surveillance efforts designed to control disease cause by this bacterium.</subfield>
   </datafield>
   <datafield ind1="8" ind2=" " tag="024">
      <subfield code="a">Villalón P, Sáez-Nieto JA, Rubio-López V, Medina-Pascual MJ, Garrido N, Carrasco G, Pino-Rosa S, Valdezate S. Invasive Streptococcus pyogenes disease in Spain: a microbiological and epidemiological study covering the period 2007-2019. Eur J Clin Microbiol Infect Dis. 2021 Nov;40(11):2295-2303.</subfield>
   </datafield>
   <datafield ind1="8" ind2=" " tag="024">
      <subfield code="a">0934-9723</subfield>
   </datafield>
   <datafield ind1="8" ind2=" " tag="024">
      <subfield code="a">https://hdl.handle.net/20.500.12105/26031</subfield>
   </datafield>
   <datafield ind1="8" ind2=" " tag="024">
      <subfield code="a">34046804</subfield>
   </datafield>
   <datafield ind1="8" ind2=" " tag="024">
      <subfield code="a">10.1007/s10096-021-04279-2</subfield>
   </datafield>
   <datafield ind1="8" ind2=" " tag="024">
      <subfield code="a">1435-4373</subfield>
   </datafield>
   <datafield ind1="8" ind2=" " tag="024">
      <subfield code="a">European journal of clinical microbiology &amp; infectious diseases : official publication of the European Society of Clinical Microbiology</subfield>
   </datafield>
   <datafield tag="653" ind2=" " ind1=" ">
      <subfield code="a">Streptococcus pyogenes</subfield>
   </datafield>
   <datafield tag="653" ind2=" " ind1=" ">
      <subfield code="a">Antimicrobial resistance</subfield>
   </datafield>
   <datafield tag="653" ind2=" " ind1=" ">
      <subfield code="a">Exotoxins</subfield>
   </datafield>
   <datafield tag="653" ind2=" " ind1=" ">
      <subfield code="a">Invasive disease</subfield>
   </datafield>
   <datafield tag="653" ind2=" " ind1=" ">
      <subfield code="a">Surveillance</subfield>
   </datafield>
   <datafield tag="653" ind2=" " ind1=" ">
      <subfield code="a">emm typing</subfield>
   </datafield>
   <datafield ind2="0" ind1="0" tag="245">
      <subfield code="a">Invasive Streptococcus pyogenes disease in Spain: a microbiological and epidemiological study covering the period 2007-2019.</subfield>
   </datafield>
</record></metadata></record></GetRecord></OAI-PMH>